000 00458nam a22001337a 4500
040 _cNUST
082 _a200 THE
100 _aMuhammad Abdullah Khalid
_9101814
110 _a Supervised by Dr. Muhammad Mubasher Saleem
_9101815
245 _aTH-SOF-2055-Development of a Three-Axis Inductive Force Sensor For Measuring Tool-Tissue Forces in Robotic Surgery
260 _aISLAMABAD:
_bNUST COLLEGE OF EME,
_c2022.
650 _aMS-MTS-19
942 _2ddc
_cTHE
999 _c592118
_d592118